LEADER 01752oam 2200517 450 001 9910716925603321 005 20211119141045.0 035 $a(CKB)5470000002526943 035 $a(OCoLC)1154792788 035 $a(EXLCZ)995470000002526943 100 $a20200519d1939 ua 0 101 0 $aeng 135 $aurbn||||||||| 181 $ctxt$2rdacontent 182 $cc$2rdamedia 183 $acr$2rdacarrier 200 14$aThe frequency of torsional vibration of a tapered beam /$fby Robert P. Coleman 210 1$aWashington, [D.C.] :$cNational Advisory Committee for Aeronautics,$d1939. 215 $a1 online resource (13 pages, 8 unnumbered pages) $cillustrations 225 1 $aTechnical note / National Advisory Committee for Aeronautics ;$vNo. 697 300 $a"March 1939." 300 $aNo Federal Depository Library Program (FDLP) item number. 320 $aIncludes bibliographical references (page 13). 606 $aBars (Engineering)$xVibration 606 $aTorsion 606 $aMathematical analysis 606 $aBars (Engineering)$xVibration$2fast 606 $aMathematical analysis$2fast 606 $aTorsion$2fast 615 0$aBars (Engineering)$xVibration. 615 0$aTorsion. 615 0$aMathematical analysis. 615 7$aBars (Engineering)$xVibration. 615 7$aMathematical analysis. 615 7$aTorsion. 700 $aColeman$b Robert P.$096041 712 02$aUnited States.$bNational Advisory Committee for Aeronautics, 801 0$bTRAAL 801 1$bTRAAL 801 2$bOCLCO 801 2$bOCLCF 801 2$bGPO 906 $aBOOK 912 $a9910716925603321 996 $aThe frequency of torsional vibration of a tapered beam$93483611 997 $aUNINA LEADER 02401nam 2200469 450 001 9910795741503321 005 20230922211335.0 010 $a3-7369-6599-0 035 $a(MiAaPQ)EBC7018503 035 $a(Au-PeEL)EBL7018503 035 $a(CKB)23842980700041 035 $aEBL7018503 035 $a(AU-PeEL)EBL7018503 035 $a(EXLCZ)9923842980700041 100 $a20230922d2022 uy 0 101 0 $aspa 135 $aurcnu|||||||| 181 $ctxt$2rdacontent 182 $cc$2rdamedia 183 $acr$2rdacarrier 200 10$aBuenas pra?cticas para el cumplimiento de los Objetivos del Desarrollo Sostenible /$fFreddy Herna?n Villota Gonza?lez and Belkis Coromoto Sulbara?n Rangel 205 $aFirst edition. 210 1$aGo?ttingen :$cCuvillier Verlag,$d[2022] 210 4$d©2022 215 $a1 online resource (117 pages) 225 0 $aSustentabilidad ;$vVolume 4 300 $aDescription based upon print version of record. 311 08$aPrint version: Villota González, Freddy Hernán Buenas prácticas para el cumplimiento de los Objetivos del Desarrollo Sostenible Göttingen : Cuvillier Verlag,c2022 327 $aIntro -- Innovación en el manejo del suelo y el agua para una producciónagrícola sostenible -- Modelos de gestión como herramientas para alcanzar lasustentabilidad en empresas asociativas -- Factores que condicionan un desarrollo organizacional y sostenible enasociaciones rurales agropecuarias -- Vulnerabilidad de la disponibilidad hídrica mediante un modelohidrológico para su manejo sostenible -- Relación entre motivación monetaria y productividad de la mano deobra femenina temporera agrícola -- Ecoeficiencia del recurso hídrico en la agricultura familiar campesina -- El rol del plástico y microplásticos en el cumplimiento de los objetivosde desarrollo sostenible. 410 0$aSustentabilidad 606 $aSustainable development$xInternational cooperation 615 0$aSustainable development$xInternational cooperation. 676 $a338.927 700 $aVillota Gonza?lez$b Freddy Herna?n$01549319 702 $aSulbara?n Rangel$b Belkis Coromoto 801 0$bMiAaPQ 801 1$bMiAaPQ 801 2$bMiAaPQ 906 $aBOOK 912 $a9910795741503321 996 $aBuenas pra?cticas para el cumplimiento de los Objetivos del Desarrollo Sostenible$93807248 997 $aUNINA